| 000 | 02687cam a22004334a 4500 | ||
|---|---|---|---|
| 001 | 16737290 | ||
| 005 | 20170105102851.0 | ||
| 008 | 110414s2012 enk b 001 0 eng c | ||
| 010 | _a 2011016300 | ||
| 016 | 7 |
_a015798991 _2Uk |
|
| 020 | _a9780415617611 (cloth : alk. paper) | ||
| 020 | _a0415617618 (cloth : alk. paper) | ||
| 020 | _a9780203637685 (ebook) | ||
| 020 | _a0203637682 (ebook) | ||
| 035 | _a(OCoLC)ocn711041436 | ||
| 040 |
_aNIC/DLC _cDLC _dBTCTA _dYDXCP _dBWX _dCDX _dDEBBG _dUPM _dUKMGB _dDLC |
||
| 042 | _apcc | ||
| 043 |
_aa-ii--- _aa------ _ap------ |
||
| 050 | 0 | 0 |
_aDS33.4.I4 _bB74 2012 |
| 082 | 0 | 0 |
_a355.033054 _222 |
| 084 |
_aML 8800 _2rvk |
||
| 100 | 1 |
_aBrewster, David _q(David Halstead) |
|
| 245 | 1 | 0 |
_aIndia as an Asia Pacific power / _cDavid Brewster. |
| 260 |
_aMilton Park, Abingdon, Oxon ; _aNew York, NY : _bRoutledge, _c2012. |
||
| 300 |
_axi, 219 p. ; _c24 cm. |
||
| 490 | 1 |
_aRoutledge security in Asia Pacific series ; _v18 |
|
| 504 | _aIncludes bibliographical references (p. [193]-213) and index. | ||
| 505 | 0 | _aIndia as a great power -- Developments in Indian strategic thinking about the Asia Pacific -- Sino-Indian strategic competition and the Asia Pacific -- The United States and India's strategic role in the Asia Pacific -- Northeast Asia : India's peer relationship with Japan -- Indochina : India's political partnership with Vietnam -- Archipelagic Southeast Asia : India's strategic relationships with Singapore, Malaysia and Indonesia -- India's uncertain partnership with Australia -- India's maritime security ambitions in Southeast Asia and the western Pacific -- Understanding India's engagement with the Asia Pacific -- India as an Asia Pacific power. | |
| 520 | _a"This book provides a comprehensive assessment of India's international relations in the Asia Pacific region. It charts the development of India's increasingly important role as a major world power, discusses India's international relations strategy and examines India's relationship with each of the major countries of East and Southeast Asia."--Publisher's description. | ||
| 651 | 0 |
_aIndia _xForeign relations _zAsia. |
|
| 651 | 0 |
_aAsia _xForeign relations _zIndia. |
|
| 651 | 0 |
_aIndia _xForeign relations _zPacific Area. |
|
| 651 | 0 |
_aPacific Area _xForeign relations _zIndia. |
|
| 830 | 0 |
_aRoutledge security in Asia Pacific series ; _v18. |
|
| 856 |
_uhttp://bvbr.bib-bvb.de:8991/F?func=service&doc_library=BVB01&doc_number=024643310&line_number=0001&func_code=DB_RECORDS&service_type=MEDIA _zInhaltsverzeichnis |
||
| 906 |
_a7 _bcbc _corignew _d1 _eecip _f20 _gy-gencatlg |
||
| 942 |
_2ddc _cBK |
||
| 999 |
_c14280 _d14280 |
||